<?xml version="1.0" encoding="UTF-8"?>
<record
    xmlns:xsi="http://www.w3.org/2001/XMLSchema-instance"
    xsi:schemaLocation="http://www.loc.gov/MARC21/slim http://www.loc.gov/standards/marcxml/schema/MARC21slim.xsd"
    xmlns="http://www.loc.gov/MARC21/slim">

  <leader>00806nam a22002297a 4500</leader>
  <controlfield tag="003">OSt</controlfield>
  <controlfield tag="005">20240525173322.0</controlfield>
  <controlfield tag="008">240524b           ||||| |||| 00| 0 eng d</controlfield>
  <datafield tag="022" ind1=" " ind2=" ">
    <subfield code="a">09735836</subfield>
  </datafield>
  <datafield tag="040" ind1=" " ind2=" ">
    <subfield code="c">AIMIT LIBRARY</subfield>
  </datafield>
  <datafield tag="082" ind1=" " ind2=" ">
    <subfield code="a">003.55</subfield>
    <subfield code="b">INFT</subfield>
  </datafield>
  <datafield tag="110" ind1=" " ind2=" ">
    <subfield code="a">Publications, Serials.</subfield>
    <subfield code="9">167635</subfield>
  </datafield>
  <datafield tag="245" ind1=" " ind2=" ">
    <subfield code="a">International journal on information and communication technologies /</subfield>
    <subfield code="c">By Serial Publications.</subfield>
  </datafield>
  <datafield tag="260" ind1=" " ind2=" ">
    <subfield code="a">New Delhi :</subfield>
    <subfield code="b">Serial Publications,</subfield>
    <subfield code="c">2010-2017.</subfield>
  </datafield>
  <datafield tag="300" ind1=" " ind2=" ">
    <subfield code="b">HP</subfield>
    <subfield code="c">26.7 cm.</subfield>
  </datafield>
  <datafield tag="440" ind1=" " ind2=" ">
    <subfield code="v">Vol. 3 No. 3&amp;4-2010,Vol. 4 No. 1&amp;2,3&amp;4-2011,Vol. 5 No. 1&amp;2,3&amp;4-2012.</subfield>
    <subfield code="9">167636</subfield>
  </datafield>
  <datafield tag="440" ind1=" " ind2=" ">
    <subfield code="v">Vol. 6 No. 1&amp;2, 3&amp;4-2013.</subfield>
  </datafield>
  <datafield tag="440" ind1=" " ind2=" ">
    <subfield code="v">Vol. 7 No. 1&amp;2-2014.</subfield>
  </datafield>
  <datafield tag="440" ind1=" " ind2=" ">
    <subfield code="v">Vol. 8 No 1&amp;2-2015, Vol. 9 No 1&amp;2 -2016, Vol. 10 No. 1&amp;2-2017.</subfield>
  </datafield>
  <datafield tag="856" ind1=" " ind2=" ">
    <subfield code="y">www.serialpublications.com</subfield>
  </datafield>
  <datafield tag="942" ind1=" " ind2=" ">
    <subfield code="2">ddc</subfield>
    <subfield code="c">BV</subfield>
  </datafield>
  <datafield tag="999" ind1=" " ind2=" ">
    <subfield code="c">230931</subfield>
    <subfield code="d">230931</subfield>
  </datafield>
  <datafield tag="952" ind1=" " ind2=" ">
    <subfield code="0">0</subfield>
    <subfield code="1">0</subfield>
    <subfield code="2">ddc</subfield>
    <subfield code="4">0</subfield>
    <subfield code="7">1</subfield>
    <subfield code="8">MCA</subfield>
    <subfield code="a">AIMIT</subfield>
    <subfield code="b">AIMIT</subfield>
    <subfield code="c">BV</subfield>
    <subfield code="d">2024-05-24</subfield>
    <subfield code="h">Vol. 3 No. 3&amp;4-2010/Vol. 4 No. 1&amp;2,3&amp;4-2011/Vol. 5 No. 1&amp;2,3&amp;4-2012.</subfield>
    <subfield code="l">0</subfield>
    <subfield code="o">003.55 INFT</subfield>
    <subfield code="p">BVI151</subfield>
    <subfield code="r">2024-05-24 00:00:00</subfield>
    <subfield code="u">www.serialspublications.com</subfield>
    <subfield code="w">2024-05-24</subfield>
    <subfield code="y">BV</subfield>
  </datafield>
  <datafield tag="952" ind1=" " ind2=" ">
    <subfield code="0">0</subfield>
    <subfield code="1">0</subfield>
    <subfield code="2">ddc</subfield>
    <subfield code="4">0</subfield>
    <subfield code="7">1</subfield>
    <subfield code="8">MCA</subfield>
    <subfield code="a">AIMIT</subfield>
    <subfield code="b">AIMIT</subfield>
    <subfield code="c">BV</subfield>
    <subfield code="d">2024-05-25</subfield>
    <subfield code="h">Vol. 6 No. 1&amp;2, 3&amp;4-2013.</subfield>
    <subfield code="l">0</subfield>
    <subfield code="o">003.55 INFT</subfield>
    <subfield code="p">BVI152</subfield>
    <subfield code="r">2024-05-25 00:00:00</subfield>
    <subfield code="u">www.serialspublications.com</subfield>
    <subfield code="w">2024-05-25</subfield>
    <subfield code="y">BV</subfield>
  </datafield>
  <datafield tag="952" ind1=" " ind2=" ">
    <subfield code="0">0</subfield>
    <subfield code="1">0</subfield>
    <subfield code="2">ddc</subfield>
    <subfield code="4">0</subfield>
    <subfield code="7">1</subfield>
    <subfield code="8">MCA</subfield>
    <subfield code="a">AIMIT</subfield>
    <subfield code="b">AIMIT</subfield>
    <subfield code="c">BV</subfield>
    <subfield code="d">2024-05-25</subfield>
    <subfield code="h">Vol. 8 No 1&amp;2-2015, Vol. 9 No 1&amp;2 -2016, Vol. 10 No. 1&amp;2-2017.</subfield>
    <subfield code="l">0</subfield>
    <subfield code="o">003.55 INFT</subfield>
    <subfield code="p">BVI154</subfield>
    <subfield code="r">2024-05-25 00:00:00</subfield>
    <subfield code="u">www.serialspublications.com</subfield>
    <subfield code="w">2024-05-25</subfield>
    <subfield code="y">BV</subfield>
  </datafield>
  <datafield tag="952" ind1=" " ind2=" ">
    <subfield code="0">0</subfield>
    <subfield code="1">0</subfield>
    <subfield code="2">ddc</subfield>
    <subfield code="4">0</subfield>
    <subfield code="7">1</subfield>
    <subfield code="8">MCA</subfield>
    <subfield code="a">AIMIT</subfield>
    <subfield code="b">AIMIT</subfield>
    <subfield code="c">BV</subfield>
    <subfield code="d">2024-05-25</subfield>
    <subfield code="h">Vol. 7 No. 1&amp;2-2014.</subfield>
    <subfield code="l">0</subfield>
    <subfield code="o">003.55 INFT</subfield>
    <subfield code="p">BVI153</subfield>
    <subfield code="r">2024-05-25 00:00:00</subfield>
    <subfield code="u">www.serialspublications.com</subfield>
    <subfield code="w">2024-05-25</subfield>
    <subfield code="y">BV</subfield>
  </datafield>
</record>
